Pays ayant participé à la Coupe du Monde de basketball - Statistiques

Statistiques générales
  • Ce quiz a été pris 118 fois
  • Le résultat moyen est 37 sur 61
Statistiques - réponses
Nombre de participation Pays % Correct
19 Etats-Unis
100%
9 France
100%
15 Canada
96%
13 Espagne
96%
14 Argentine
94%
6 Japon
93%
7 Allemagne
91%
10 Italie
91%
5 Russie
89%
19 Brésil
88%
13 Australie
87%
10 Chine
87%
6 Serbie
87%
6 Mexique
81%
5 Turquie
78%
5 Lithuanie
77%
9 Grèce
76%
4 Slovénie
75%
7 Nouvelle-Zélande
74%
1 Lettonie
72%
2 Pologne
72%
3 Croatie
70%
8 Corée du Sud
68%
1 Pays-Bas
68%
1 Algérie
67%
1 Finlande
67%
3 Chili
66%
1 Colombie
66%
7 Uruguay
66%
4 Nigeria
64%
4 Sénégal
62%
4 Cuba
60%
7 Egypte
60%
4 Iran
59%
4 Pérou
59%
1 République tchèque
58%
2 Paraguay
56%
9 URSS
55%
2 Tunisie
54%
1 Equateur
53%
2 Israël
53%
5 Venezuela
53%
10 Yougoslavie
53%
1 Bulgarie
49%
7 Philippines
47%
5 Côte d'Ivoire
46%
4 Panama
40%
9 Angola
39%
6 Monténégro
39%
2 Qatar
39%
1 Géorgie
36%
1 Soudan du Sud
34%
4 Liban
32%
4 Tchécoslovaquie
32%
4 République Dominicaine
29%
3 Jordanie
28%
14 Porto Rico
27%
1 Malaisie
26%
2 Taïwan
22%
1 Cap-Vert
9%
1 Centrafrique
7%
Aucun quiz correspondant
Distribution des résultats
% des personnes avec chaque résultat
Percentile par nombre de réponses
Votre historique - résultats
Vous n’avez pas pris ce quiz